NHL draft history - biggest steals - Statistics

General Stats
  • This quiz has been taken 27 times
  • The average score is 9 of 23
Answer Stats
Teams Draft year Draft position Players Team played % Correct
DET 1999 210 Henrik Zetterberg DET
83%
DET 1998 171 Pavel Datsyuk DET
78%
NYR 2000 205 Henrik Lundqvist NYR
74%
NSH 2004 258 Pekka Rinne NSH
74%
OTT 1993 133 Daniel Alfredsson OTT, DET
65%
SJS 2003 205 Joe Pavelski SJS, DAL
65%
DAL 2007 129 Jamie Benn DAL
57%
DET 1989 53 Nicklas Lidstrom DET
52%
LAK 2005 72 Jonathan Quick LAK, NYR
39%
BUF 1999 138 Ryan Miller BUF, STL, VAN, ANA
39%
CGY 1984 117 Brett Hull CGY, STL, DAL, DET, PHX
35%
LAK 1984 171 Luc Robitaille LAK, PITT, NYR, DET
35%
EDM 1979 48 Mark Messier EDM, NYR, VAN
35%
TBL 1998 64 Brad Richards TBL, DAL, NYR, CHI, DET
30%
CHI 1983 199 Dominik Hasek CHI, BUF, DET, OTT
30%
VAN 1989 113 Pavel Bure VAN, FLA, NYR
26%
CGY 1987 166 Theo Fleury CGY, COL, NYR, CHI
26%
STL 1982 134 Doug Gilmour STL, CGY, TOR, NJD, CHI, BUF, MTL
22%
PIT 1988 67 Mark Recchi PIT, PHI, MTL, CAR, ATL, TBL, BOS
22%
SJS 1995 116 Miikka Kiprusoff SJS, CGY
22%
WSH 1990 156 Peter Bondra WSH, OTT, ATL, CHI
17%
DET 1989 74 Sergei Federov DET, ANA, CBJ, WSH
13%
OTT 1993 227 Pavol Demitra OTT, STL, LAK, MIN, VAN
4%
No matching quizzes found
Score Distribution
Percent of People with Each Score
Percentile by Number Answered
Your Score History
You have not taken this quiz